| 000 | 00968nam a22002777a 4500 | ||
|---|---|---|---|
| 005 | 2011080406576.0 | ||
| 008 | 090728t xxu||||| |||| 00| 0 pun d | ||
| 010 | _aPUN-6949 | ||
| 020 |
_c200.00 _a9788179144053 |
||
| 035 | _aPN-6067 | ||
| 037 | _bDBAD / PUB | ||
| 040 |
_adpl _bpn |
||
| 082 | _aਕ | ||
| 100 |
_924414 _aਯਾਦਵ, ਕੇ.ਐਸ. |
||
| 245 |
_aਤਲਾਕ ! ਤਲਾਕ !! ਤਲਾਕ !!! / _cਕੇ.ਐਸ.ਯਾਦਵ |
||
| 246 |
_aTalaak ! Talaak !! Talaak !!! _bby K.S.Yadav |
||
| 260 |
_aChandigarh _bTarlochan Publishers _c2011 |
||
| 270 |
_a3236, Sector-15-D, _bChandigarh _k0172-4613236 |
||
| 300 | 4 |
_a144 ਸਫੇ _c22ਸੇਮੀ (ਸਜਿਲੱਦ) |
|
| 600 | _931401 | ||
| 650 | _924412 | ||
| 650 | _924431 | ||
| 700 | _931690 | ||
| 942 |
_2ddc _cPN _h851 _mਯਾਦਵ |
||
| 999 |
_c55160 _d55160 |
||